000 00435nam a22001691a 4500
020 _a9788170553472
082 _aH 891.430 803 2
_bDHA/Y
100 _aDharmavir Bharathi
245 _aYatra chakra/
_cby Dharmavir Bharathi
260 _aNew Delhi:
_bVani,
_c1994.
300 _a396p.
650 _aTravels Dharamaveer Bharati
650 _aTravelogue Hindi
650 _aLiterature Hindi
650 _aLiterature
942 _cBK
999 _c51655
_d51655